Desarrollo de modelos empíricos para predecir la formación de trihalometanos en cuatro plantas potabilizadoras ubicadas en los departamentos de Boaco y Chontales

El presente estudio tuvo como objetivo desarrollar modelos empíricos que permitan predecir la formación de trihalometanos en las cuatro plantas potabilizadoras ubicadas en el departamento de Boaco y Chontales, para el desarrollo de estos modelos se tomo en consideración la influencia de catorce p...

Full description

Bibliographic Details
Main Author: Narváez Cárcamo, Darwin Ricardo
Other Authors: Tutor: García, Indiana
Format: Tesis Section = Libro
Language:Undetermined
Spanish
Published: Managua UNI 2009
Subjects:
LEADER 01409nam a2200253Ia 4500
008 240830s9999 xx 000 0 und d
040 |a CEDOC DACA-RUSB / Mon 628.1662 N238 
041 |a spa 
082 |a Mon 628.1662 N238 
100 1 |a Narváez Cárcamo, Darwin Ricardo 
245 1 0 |a Desarrollo de modelos empíricos para predecir la formación de trihalometanos en cuatro plantas potabilizadoras ubicadas en los departamentos de Boaco y Chontales 
260 |a Managua  |b UNI  |c 2009 
300 |a XI 112 p. :il 
502 |a Tesis (Ingeniero Químico) -UNI, 2009. 
520 3 |a El presente estudio tuvo como objetivo desarrollar modelos empíricos que permitan predecir la formación de trihalometanos en las cuatro plantas potabilizadoras ubicadas en el departamento de Boaco y Chontales, para el desarrollo de estos modelos se tomo en consideración la influencia de catorce parámetros independientes los cuales fueron: Ph el tiempo de contacto, dosis de cloro, cloro residual, dosis de coagulante, temperatura, alcalinidad, concentraciones de bromuro, carbono orgánico total 
650 7 |a DESINFECCIÓN - PLANTA POTABILIZADORA 
650 7 |b  CALIDAD DEL AGUA. 
650 7 |c  TRATAMIENTO PARA ABASTECIMIENTO DE AGUA - BOACO Y CHONTALES. 
650 7 |d  SEDIMENTACION - AGUA. 
650 7 |e  COAGULACION 
700 1 |a Tutor:  |b García, Indiana 
942 |c BK  |2 ddc 
991 |a TESIS 
999 |c 26085